000 01375nam a2200313Ia 4500
001 ebr10449892
003 CaPaEBR
006 m u
007 cr cn|||||||||
008 071114s2007 tz ab sb 000 0 eng d
020 _z9987449689
020 _z9789987449682
040 _aCaPaEBR
_cCaPaEBR
035 _a(OCoLC)715160625
050 1 4 _aHD987.Z7
_bN658 2007eb
100 1 _aNnkya, Tumsifu Jonas.
245 1 0 _aWhy planning does not work?
_h[electronic resource] :
_bland use planning and residents' rights in Tanzania /
_cTumsifu Jonas Nnkya.
260 _aDar Es Salaam, Tanzania :
_bMkuki Na Nyota Publishers ;
_aEast Lansing, MI :
_bDistributed in North America by Michigan State University Press,
_c2007.
300 _aix, 346 p. :
_bill., maps.
504 _aIncludes bibliographical references.
533 _aElectronic reproduction.
_bPalo Alto, Calif. :
_cebrary,
_d2011.
_nAvailable via World Wide Web.
_nAccess may be limited to ebrary affiliated libraries.
650 0 _aLand use
_zTanzania
_xPlanning.
650 0 _aLand tenure
_zTanzania.
650 0 _aLand use
_xLaw and legislation
_zTanzania.
650 0 _aRight of property
_zTanzania.
655 7 _aElectronic books.
_2local
710 2 _aebrary, Inc.
856 4 0 _uhttp://site.ebrary.com/lib/rucke/Doc?id=10449892
_zAn electronic book accessible through the World Wide Web; click to view
999 _c138442
_d138442